00491nam a2200205Ia 4500003000900000008004100009040001300050040001300063041000800076100001500084245004300099250002500142260002100167260001000188300001100198300001000209490001900219490000700238600004000245IT-RoPAU120407s9999 xx 000 0 und d aIT-RoPAU cIT-RoPAU aita aC. Derrick aAmore e vita : Sì€ o no alla pillola? aFrancavilla al Mare  aEdizioni Paoline c1972  a227 p. c19 cm a Amore e sesso v26 a 1. Nascite : controllo. 2 Pillola